000 00444nam a2200169Ia 4500
008 100917s9999 xx 000 0 und d
082 _b14802
100 _aभिडे भि. गो.
245 _aरहस्यजाल
260 _b---
_c1921
365 _b0.25
520 _aकादंबरी
630 _aरहस्यजाल
650 _aकादंबरी
730 _aरहस्यजाल
942 _cBOOK
999 _c620196
_d620193